Para comprender las religiones en nuestro tiempo
Salvato in:
| Autore principale: | |
|---|---|
| Natura: | Libro |
| Lingua: | spagnolo |
| Pubblicazione: |
Pamplona
Verbo Divino
1989
|
| Soggetti: | |
| Tags: |
Aggiungi Tag
Nessun Tag, puoi essere il primo ad aggiungerne!!
|
MARC
| LEADER | 00000nam a2200000 a 4500 | ||
|---|---|---|---|
| 001 | UCX0950 | ||
| 003 | CL-VaPUC | ||
| 008 | 900420e19890000SP |||||||||||||||||spa|d | ||
| 020 | |a 8471516330 | ||
| 082 | 0 | 4 | |a 289 |b SAM |2 21 |
| 100 | 0 | |a Samuel, Albert |e author |9 316314 | |
| 245 | 1 | 0 | |a Para comprender las religiones en nuestro tiempo |
| 300 | |a 218 p | ||
| 942 | |c BK | ||
| 945 | |d 19900420 00:00:00 | ||
| 260 | |a Pamplona |b Verbo Divino |c 1989 | ||
| 650 | 0 | |a Religiones |9 265211 | |
| 650 | 0 | |a Animismo |9 316315 | |
| 650 | 0 | |a Hinduismo |9 265212 | |
| 650 | 7 | |a BUDISMO |2 CL-VaPUC |9 316316 | |
| 650 | 0 | |a Judaísmo |9 269348 | |
| 650 | 0 | |a Cristianismo |9 257361 | |
| 583 | |a last modification |c 20171129 10:56:44 |k Rodrigo Vera | ||
| 999 | |c 222317 |d 222315 | ||
| 952 | |0 0 |1 0 |4 0 |6 289_000000000000000_SAM_1989 |7 0 |8 A |9 216820 |a BIBTEO |b BIBTEO |d 2019-11-15 |i 2858088 |o 289 SAM 1989 |p 2858088 |r 2024-01-18 |w 2019-11-15 |y BK |k ICR | ||
| 952 | |0 0 |1 0 |4 0 |6 289_000000000000000_SAM_1989 |7 0 |8 A |9 216821 |a BIBTEO |b BIBTEO |d 2019-11-15 |i 2023652 |o 289 SAM 1989 |p 2023652 |r 2024-01-18 |w 2019-11-15 |y BK |k ICR | ||
| 952 | |0 0 |1 0 |4 0 |6 289_000000000000000_SAM_1989 |7 0 |8 A |9 216822 |a BIBTEO |b BIBTEO |d 2019-11-15 |i 3417778 |o 289 SAM 1989 |p 3417778 |r 2024-01-18 |w 2019-11-15 |y BK |k ICR | ||
| 952 | |0 0 |1 0 |4 0 |6 289_000000000000000_SAM_1989 |7 0 |8 A |9 216823 |a BIBTEO |b BIBTEO |d 2019-11-15 |i 3417786 |o 289 SAM 1989 |p 3417786 |r 2024-01-18 |w 2019-11-15 |y BK |k ICR | ||
| 952 | |0 0 |1 0 |4 0 |6 289_000000000000000_SAM_1989 |7 0 |8 A |9 216824 |a BIBTEO |b BIBTEO |d 2019-11-15 |i 3417808 |o 289 SAM 1989 |p 3417808 |r 2024-01-18 |w 2019-11-15 |y BK |k ICR | ||
| 952 | |0 0 |1 0 |4 0 |6 289_000000000000000_SAM_1989 |7 0 |8 A |9 216825 |a BIBTEO |b BIBTEO |d 2019-11-15 |i 4050185 |o 289 SAM 1989 |p 4050185 |r 2024-01-18 |w 2019-11-15 |y BK |k ICR | ||
| 952 | |0 0 |1 0 |4 0 |6 289_000000000000000_SAM_1989 |7 0 |8 A |9 216826 |a BIBTEO |b BIBTEO |d 2019-11-15 |i 4061683 |o 289 SAM 1989 |p 4061683 |r 2024-01-18 |w 2019-11-15 |y BK |k ICR | ||